| 000 | 00899cam a2200217 4500 | ||
|---|---|---|---|
| 001 | ABS61829 | ||
| 008 | 000000n1999 000 0 eng u | ||
| 035 | _a(Sirsi) u104028 | ||
| 100 | _aRobinson, R. | ||
| 245 | 4 | _aThe consequences for the property owner when reinstatement of a damaged building is frustrated | |
| 260 | _c1999 | ||
| 490 |
_aProperty Journal _vDecember 1999, 2-4(3) |
||
| 520 | _aConsiders the consequences for owners if a building is destroyed or badly damaged and cannot be reinstated to its orginal size and use because of planning permission. Discusses how landlords can try and protect themselves against such a situation. | ||
| 590 | _aABS | ||
| 650 | _aBUILDINGS INSURANCE | ||
| 650 | _aINSURANCE POLICIES | ||
| 650 | _aBUILT ENVIRONMENT-BUILDING COSTS-REINSTATEMENT COSTS | ||
| 650 | _aPLANNING PERMISSION | ||
| 690 | _aPLANNING-PLANNING PRACTICE | ||
| 942 | _n0 | ||
| 999 |
_c62432 _d62432 |
||